[Event "Avoine op 22nd"]
[Site "Avoine"]
[Date "2007.07.24"]
[Round "4"]
[White "Lombart, Philippe"]
[Black "Binois, Rudy"]
[Result "1-0"]
[WhiteElo "2037"]
[BlackElo "1890"]
[PlyCount "61"]
[EventDate "2007.07.21"]
[EventType "swiss"]
[EventRounds "9"]
[EventCountry "FRA"]
[SourceTitle "EXT 2010"]
[Source "ChessBase"]
[SourceDate "2010.11.25"]
[SourceVersion "1"]
[SourceVersionDate "2010.11.25"]
[SourceQuality "1"]

1. d4 Nf6 2. c4 e6 3. Nc3 c5 4. d5 exd5 5. cxd5 d6 6. e4 Be7 7. f4 0-0 8. Nf3 a6 9. a4 Re8 10. Be2 Bg4 11. 0-0 Nbd7 12. a5 b5 13. axb6 Qxb6 14. Kh1 Bd8 15. h3 Bxf3 16. Bxf3 Bc7 17. g4 Kh8 18. g5 Ng8 19. h4 f6 20. Bg4 Rad8 21. Be6 Ne7 22. h5 Rf8 23. Qg4 fxg5 24. Bxd7 c4 25. Be6 h6 26. Rg1 Qf2 27. fxg5 Bb6 28. gxh6 g5 29. Bxg5 Rde8 30. Be3 Rg8 31. Bxf2 1-0